Jak funguje Evropská unie : průvodce občana institucemi EU
Record details
- ISBN: 92-894-6364-3
- Physical Description: 46 s. : il., barev. fot. ; 23 cm
- Publisher: Lucemburk : Úřad pro úřední tisky Evropských společenství, 2004
Content descriptions
| General Note: | Pravděpodobně přeloženo z angličtiny Publikace vyšla ve všech oficiálních jazycích Evropské unie |
Search for related items by subject
| Genre: | informační publikace information publications |
Search for related items by series
Available copies
- 1 of 1 copy available at Common Catalog SPOK.
Holds
- 0 current holds with 1 total copy.
Show Only Available Copies
| Location | Call Number / Copy Notes | Barcode | Shelving Location | Status | Due Date |
|---|---|---|---|---|---|
| Jabok Library | Soc-5.7.1 | 424480014875 | Odborná literatura | Available | - |
Electronic resources
Version of Resource: Digitalizovaný dokument
| LDR | 01681nam a2200409 a 4500 | ||
|---|---|---|---|
| 001 | 4597 | ||
| 003 | CZ-PrJAB | ||
| 005 | 20160407134838.0 | ||
| 007 | ta | ||
| 008 | 050415s2004 lu ao e f i000 0 cze | ||
| 020 | . | ‡a92-894-6364-3 ‡q(brož.) | |
| 035 | . | ‡a(CZ PrNK)zpk20051531046 | |
| 040 | . | ‡aABA001 ‡bcze | |
| 041 | 1 | . | ‡acze ‡heng |
| 043 | . | ‡ae------ | |
| 072 | 7. | ‡a327 ‡xMezinárodní vztahy, světová politika ‡2Konspekt ‡915 | |
| 080 | . | ‡a327.7 ‡2MRF | |
| 080 | . | ‡a005.72 ‡2MRF | |
| 080 | . | ‡a(4) ‡2MRF | |
| 080 | . | ‡a(036) ‡2MRF | |
| 245 | 0 | 0. | ‡aJak funguje Evropská unie : ‡bprůvodce občana institucemi EU |
| 260 | . | ‡aLucemburk : ‡bÚřad pro úřední tisky Evropských společenství, ‡c2004 | |
| 300 | . | ‡a46 s. : ‡bil., barev. fot. ; ‡c23 cm | |
| 490 | 1 | . | ‡aEvropská dokumentace |
| 500 | . | ‡aPravděpodobně přeloženo z angličtiny | |
| 500 | . | ‡aPublikace vyšla ve všech oficiálních jazycích Evropské unie | |
| 610 | 2 | 7. | ‡aEvropská unie ‡7kn20010711086 ‡2czenas |
| 650 | 0 | 7. | ‡amezinárodní instituce a organizace ‡7ph249764 ‡zzemě Evropské unie ‡2czenas |
| 650 | 0 | 7. | ‡ainstitucionální struktura ‡7ph164238 ‡zzemě Evropské unie ‡2czenas |
| 650 | 0 | 9. | ‡ainternational institutions and organizations ‡zEuropean Union countries ‡2eczenas |
| 650 | 0 | 9. | ‡ainstitutional structure ‡zEuropean Union countries ‡2eczenas |
| 655 | 7. | ‡ainformační publikace ‡7fd132454 ‡2czenas | |
| 655 | 9. | ‡ainformation publications ‡2eczenas | |
| 710 | 2 | . | ‡aEvropská komise. ‡bDirectorate-General Press and Communication ‡7kn20020321488 |
| 830 | 0. | ‡aEvropská dokumentace | |
| 856 | 4 | 1. | ‡uhttp://kramerius4.nkp.cz/search/handle/uuid:0c229da0-f2e3-11e3-a2c6-005056827e51 ‡yDigitalizovaný dokument |
| 910 | . | ‡aABG312 | |
| 901 | . | ‡a4597 ‡bUnknown ‡c4597 ‡tbiblio | |